| 000 | 01140nam a22002657a 4500 | ||
|---|---|---|---|
| 005 | 20240305165603.0 | ||
| 007 | cr|||| ||| | ||
| 008 | 210426s2012 br |||||s|||| 00||0 por d | ||
| 020 | _a978-85-64912-41-0 | ||
| 035 | _a33160 | ||
| 040 | _avLex | ||
| 090 |
_c11528 _d11528 |
||
| 100 | 1 | _aTuffi Saliba, Aziz | |
| 245 | 1 | 0 |
_aProteção Internacional dos Direitos Humanos _h[Recurso electrónico] / _cAziz Tuffi Saliba, Fernando Gonzaga Jayme |
| 256 | _aServicio en línea | ||
| 260 |
_aBelo Horizonte: _bInitia Via Editora, _c2012 |
||
| 300 | _a1 recurso electrónico | ||
| 506 | 1 |
_aDisponible solo en los productos indicados _dvLex Global _dvLex Global (Academic Edition, excluding Law Schools) _dvLex Global (U.S. Academic Edition, Law Schools) _dvLex Global (U.S. Academic Edition, excluding Law Schools) _dvLex Global (Academic Edition, Law Schools) |
|
| 650 | 0 | 4 |
_aDerecho Constitucional _zBrasil |
| 650 | 0 | 4 |
_aDerecho Internacional _zBrasil |
| 700 | 1 | _aGonzaga Jayme, Fernando | |
| 740 | 0 | _avLex Libros (Servicio en línea) | |
| 856 | 4 | 0 | _uhttps://vlex.com/source/prote-o-internacional-direitos-humanos-33160 |
| 942 | _cRAA | ||
| 999 |
_c169764 _d169764 |
||